00750nam a2200229Ia 4500003000900000008004100009040001300050040001300063041000800076100001700084245009800101250001200199260001200211260000900223300001100232300001000243490003700253490000600290942000700296999001700303952020000320IT-RoPAU120407s9999 xx 000 0 und d aIT-RoPAU cIT-RoPAU aita aRomano Penna aLo Spirito di Cristo. Cristologia e pneumatologia secondo un’originale formulazione paolina aBrescia aPaideia c1976 a359 p. c24 cm aSupplemento alla Rivista Biblica v7 cBK c33355d33355 00102ddc406222_28700000000000071aPAULUSbPAULUSd2012-04-11l0o222.287r2012-04-11 00:00:00w2012-04-11yBKzInserito da: Mario In data: 19 settembre 2011 fondo: Via A.Severo 56 Progr:24895